| 000 | 00631cam a22002291 4500 | ||
|---|---|---|---|
| 001 | af 49001262 | ||
| 003 | DLC | ||
| 005 | 20260227110919.0 | ||
| 008 | 881126s1945 fr 000 0 fre c | ||
| 010 | _aaf 49001262 | ||
| 035 | _a(OCoLC)18803642 | ||
| 040 |
_aNew York. Public Libr. _cCU _dDLC |
||
| 042 | _apremarc | ||
| 050 | 0 | 0 |
_aPQ145.5 _b.R6 |
| 082 | _a840.9 | ||
| 100 | 1 | _aRoffat, Claude. | |
| 245 | 1 | 3 |
_aLa littérature française est-elle chrétienne? _bEssai. |
| 260 |
_aParis, _bSpes _c[1945] |
||
| 300 |
_a150 p. _c19 cm. |
||
| 650 | 0 |
_aFrench literature _xHistory and criticism. |
|
| 650 | 0 | _aReligion in literature. | |
| 999 |
_c6908 _d6908 |
||